System design data
Αποθηκεύτηκε σε:
| Κύριος συγγραφέας: | |
|---|---|
| Μορφή: | Βιβλίο |
| Γλώσσα: | English |
| Δημοσίευση: |
Engelwood Cliffs, New Jersey :
Prentice Hall,
c1984
|
| Σειρά: | Prentice Hall software series
|
| Θέματα: | |
| Ετικέτες: |
Προσθήκη ετικέτας
Δεν υπάρχουν, Καταχωρήστε ετικέτα πρώτοι!
|
MARC
| LEADER | 00000nam a2200000 i 4500 | ||
|---|---|---|---|
| 001 | 1/54389 | ||
| 008 | 981001s1984 eng d | ||
| 020 | |a 0-13-881623-9 | ||
| 035 | |l 10044981 | ||
| 040 | |a GR-MY-UA |b gre |e aacr | ||
| 041 | 0 | |a eng | |
| 082 | 0 | |a 005.133 | |
| 100 | 1 | |a Buhr, R. J. A. | |
| 245 | 1 | 0 | |a System design data / |c R. J. A. Buhr |
| 260 | |a Engelwood Cliffs, New Jersey : |b Prentice Hall, |c c1984 | ||
| 300 | |a xv, 533 p.; |b ill.; |c 24 cm. | ||
| 490 | 1 | |a Prentice Hall software series | |
| 500 | |a Includes bibliography and index | ||
| 650 | 0 | 0 | |a System design. |
| 650 | 0 | 0 | |a Ada (Computer program language) |
| 830 | 0 | |a Prentice Hall software series | |
| 852 | |a INST |b SAMOS |e 19981001 |h 005.133 BUH |p 005300008534 |q 005300008534 |t BK |y 0 | ||
| 901 | |a BIBL-1998-3 | ||
| 909 | |a Σ |b 050526 | ||
| 922 | |a 3ΕΛΗ |b 199707 |c ΔΩΡ |d ΤΖΑΦΕΡΗΕ | ||